000 00333nam a2200109Ia 4500
008 171204s9999 xx 000 0 und d
245 _aMicrobiology with Diseases by Body System:
245 _cRobert W. Bauman Ph.D.
260 _c2014
650 _xMicrobiology & Parasitology
856 _uhttp://down.ebook777.com/050/032191855X.pdf
999 _c346396
_d346396